Vývoz investičních celků s otazníky.
Investičné celky ako prevodný článok pre nové technológie. Špecifické vlastnosti investičných celkov. Rozhodujúce postavenie vyspelých štátov. Postavenie ČSFR vo vývoze investičných celkov. Nevyhnutnosť štátnej podpory pri vývoze. Konkurenčný boj v oblasti úverov a financovania.
Gespeichert in:
| 1. Verfasser: | |
|---|---|
| Format: | Buchkapitel |
| Sprache: | Tschechisch |
| Schlagworte: | |
| Tags: |
Keine Tags, Fügen Sie das erste Tag hinzu!
|
MARC
| LEADER | 00000naa a2200000 4500 | ||
|---|---|---|---|
| 001 | r004683 | ||
| 005 | 20221125081256.8 | ||
| 041 | 0 | |a cze | |
| 044 | |a [CS] | ||
| 245 | 1 | 0 | |a Vývoz investičních celků s otazníky. |c J. Kubíček |
| 520 | |a Investičné celky ako prevodný článok pre nové technológie. Špecifické vlastnosti investičných celkov. Rozhodujúce postavenie vyspelých štátov. Postavenie ČSFR vo vývoze investičných celkov. Nevyhnutnosť štátnej podpory pri vývoze. Konkurenčný boj v oblasti úverov a financovania. | ||
| 610 | 2 | 0 | |a vývoz celkov investičných |
| 610 | 2 | 0 | |a ČSFR |
| 610 | 2 | 0 | |a konkurencia |
| 610 | 2 | 0 | |a úver investičný |
| 610 | 2 | 0 | |a financovanie investícií |
| 610 | 2 | 0 | |a technológie nové |
| 100 | 1 | |a Kubíček, J. | |